LEADER 00338nas 2200145z- 450 001 996417828803316 035 $a(CKB)4530000000000423 035 $a(EXLCZ)994530000000000423 100 $a20210302cuuuuuuuu -u- - 101 0 $aeng 200 00$aScreen 906 $aJOURNAL 912 $a996417828803316 996 $aScreen$9976387 997 $aUNISA